书目信息 |
| 题名: |
广告摄影教程
|
|
| 作者: | 张苏中 编著 | |
| 分册: | ||
| 出版信息: | 北京 中国轻工业出版社 2007 |
|
| 页数: | 186页 | |
| 开本: | 26cm | |
| 丛书名: | ||
| 单 册: | ||
| 中图分类: | J412.9 | |
| 科图分类: | ||
| 主题词: | 广告--摄影技术--高等教育--教材 , 广告 , 摄影技术 | |
| 电子资源: | ||
| ISBN: | 978-7-5019-3225-2 | |
| 000 | 01035nam0 2200277 45 | |
| 001 | 1033073031 | |
| 005 | 20100408172000.93 | |
| 010 | @a978-7-5019-3225-2@dCNY35.00 | |
| 100 | @a20100401e2007 em y0chiy0110 ea | |
| 101 | 0 | @achi |
| 102 | @aCN@b110000 | |
| 105 | @aa z 000yy | |
| 106 | @ar | |
| 200 | 1 | @a广告摄影教程@AGuang Gao She Ying Jiao Cheng@f张苏中编著@FZhang Su Zhong Bian Zhu |
| 210 | @a北京@c中国轻工业出版社@d2007 | |
| 215 | @a186页@c照片@d26cm | |
| 300 | @a艺术设计教材 | |
| 330 | @a本书内容包括:广告摄影概述,广告摄影简介,广告摄影的设计和制作过程,广告摄影的设计要求,广告信息的视觉化设计,广告摄影的基本器材,广告摄影的基本操作技法,广告摄影的后期制作,广告摄影的法律事项,广告摄影中各类题材的拍摄特点及优秀广告作品赏析等。 | |
| 510 | 1 | @aTutorial for Advertisment Shoot@zeng |
| 606 | 0 | @a广告@x摄影技术@x高等教育@j教材 |
| 606 | 0 | @a广告 |
| 606 | 0 | @a摄影技术 |
| 690 | @aJ412.9@v4 | |
| 701 | 0 | @a张苏中@AZhang Su Zhong@4编著 |
| 801 | 0 | @aCN@bTANGWEI@c20100408 |
| 905 | @b0588114-18@dJ412.9@e246@f5 | |
| 广告摄影教程/张苏中编著.-北京:中国轻工业出版社,2007 |
| 186页:照片;26cm |
| 艺术设计教材 |
| ISBN 978-7-5019-3225-2:CNY35.00 |
| 本书内容包括:广告摄影概述,广告摄影简介,广告摄影的设计和制作过程,广告摄影的设计要求,广告信息的视觉化设计,广告摄影的基本器材,广告摄影的基本操作技法,广告摄影的后期制作,广告摄影的法律事项,广告摄影中各类题材的拍摄特点及优秀广告作品赏析等。 |
| ● |
| 相关链接 |
|
|
|
|
正题名:广告摄影教程
索取号:J412.9/246
 
预约/预借
| 序号 | 登录号 | 条形码 | 馆藏地/架位号 | 状态 | 备注 |
| 1 | 0588114 | 205881143 | 第一样本阅览室/ [索取号:J412.9/246] | 在馆 | |
| 2 | 0588115 | 205881152 | 第一借阅区/ [索取号:J412.9/246] | 在馆 | |
| 3 | 0588116 | 205881161 | 第一借阅区/ [索取号:J412.9/246] | 在馆 | |
| 4 | 0588117 | 205881170 | 第一借阅区/ [索取号:J412.9/246] | 在馆 | |
| 5 | 0588118 | 205881189 | 第一借阅区/ [索取号:J412.9/246] | 在馆 |